Eastern Europe Capitals Quiz - Statistics

General Stats
  • This quiz has been taken 1,287 times
  • The average score is 15 of 21
Answer Stats
Hint Answer % Correct
Russia Moscow
91%
Ukraine Kiev
88%
Poland Warsaw
88%
Hungary Budapest
84%
Czech Republic Prague
81%
Bulgaria Sofia
81%
Romania Bucharest
79%
Belarus Minsk
74%
Latvia Riga
73%
Croatia Zagreb
73%
Estonia Tallinn
70%
Serbia Belgrade
69%
Bosnia and Herzegovina Sarajevo
69%
Slovakia Bratislava
65%
Lithuania Vilnius
63%
Slovenia Ljubljana
62%
Albania Tirana
62%
North Macedonia Skopje
58%
Kosovo Pristina
55%
Moldova Chisinau
52%
Montenegro Podgorica
50%
No matching quizzes found
Score Distribution
Percent of People with Each Score
Percentile by Number Answered
Your Score History
You have not taken this quiz